Statistics for Countries by Life Expectancy - In Order

Click here to take the quiz!

General Stats

  • This quiz has been taken 459 times
  • The average score is 62 of 195

Answers on the Map

Answers color-coded by a green-red scale on the quiz's map according to % correct below.
 

Answer Stats

AgeCountry% Correct
84.83JJapan
96%
89.52MMonaco
91%
86.35SSingapore
84%
83.64IIceland
76%
83.80CCanada
75%
83.86SSan Marino
73%
83.42AAndorra
70%
82.59FFrance
68%
82.59IItaly
66%
82.98LLuxembourg
66%
81.94UUnited Kingdom
66%
79.81QQatar
65%
82.70SSweden
65%
82.55NNorway
64%
83.23SSwitzerland
64%
81.76FFinland
63%
81.66DDenmark
62%
81.56GGermany
62%
83.35IIsrael
62%
82.56LLiechtenstein
62%
83.09AAustralia
61%
81.86BBelgium
61%
81.66IIreland
60%
82.16NNetherlands
60%
82.27AAustria
59%
81.50PPortugal
59%
83.20MMalta
57%
82.54NNew Zealand
55%
82.97SSouth Korea
54%
78.38UUnited States
54%
81.49GGreece
53%
82.55SSpain
53%
79.56UUnited Arab Emirates
53%
81.82SSlovenia
51%
79.90BBahrain
49%
79.79CChile
49%
76.90OOman
48%
78.43UUruguay
48%
81.16TTaiwan
47%
79.73CCzech Republic
46%
79.13KKuwait
45%
80.59BBrunei
44%
66.26ZZambia
44%
78.31AArgentina
43%
78.76PPoland
43%
63.32ZZimbabwe
43%
67.51YYemen
42%
79.64CCuba
41%
79.64CCosta Rica
40%
77.20HHungary
40%
79.74CCyprus
39%
53.65AAfghanistan
38%
78.37PParaguay
38%
79.47AAlbania
37%
78.21DDominica
37%
75.52VVietnam
36%
76.01JJordan
35%
78.31SSlovakia
35%
65.95HHaiti
34%
75.14VVanuatu
34%
78.55BBarbados
33%
55.52CCentral African Republic
33%
77.88EEstonia
33%
78.76LLebanon
33%
60.09NNiger
33%
61.83DDemocratic Republic of the Congo
32%
75.17HHonduras
32%
75.75JJamaica
32%
61.33NNigeria
32%
65.85RRwanda
32%
55.72SSomalia
32%
73.29VVenezuela
32%
62.11AAngola
31%
78.00EEcuador
31%
59.57LLesotho
31%
78.95SSaint Lucia
31%
59.15CChad
30%
59.69EEswatini
30%
75.29UUzbekistan
30%
59.16SSouth Sudan
29%
65.30DDjibouti
28%
63.68GGuinea-Bissau
28%
75.25IIran
28%
69.69KKenya
28%
62.41MMali
28%
77.75MMontenegro
28%
78.03AAlgeria
27%
62.21BBenin
27%
74.27FFiji
27%
63.90GGuinea
27%
67.22IIndia
27%
73.18IIraq
27%
72.53KKazakhstan
27%
57.10MMozambique
27%
62.10RRepublic of the Congo
27%
75.75RRomania
27%
76.21TTurkey
27%
77.80AAntigua and Barbuda
26%
63.44BBurkina Faso
26%
77.72CChina
26%
73.08IIndonesia
26%
62.26IIvory Coast
26%
65.45LLiberia
26%
68.96UUganda
26%
76.13AArmenia
25%
77.98BBosnia and Herzegovina
25%
77.22CCroatia
25%
66.85EEritrea
25%
77.50GGeorgia
25%
67.90KKiribati
25%
72.35KKyrgyzstan
25%
75.78LLithuania
25%
77.62PPanama
25%
77.66TThailand
25%
75.91LLatvia
24%
58.76SSierra Leone
24%
72.56DDominican Republic
23%
75.37EEl Salvador
23%
63.70EEquatorial Guinea
23%
66.47NNamibia
23%
72.44RRussia
23%
73.45UUkraine
23%
65.64BBotswana
22%
75.57BBulgaria
22%
68.25EEthiopia
22%
74.44FFederated States of Micronesia
22%
75.74GGrenada
22%
77.18LLibya
22%
65.22MMauritania
22%
77.08SSaint Kitts and Nevis
22%
63.27CCameroon
21%
76.84NNorth Macedonia
21%
77.53TTonga
21%
76.82TTunisia
21%
71.12KKosovo
20%
76.68SSaint Vincent and the Grenadines
20%
67.12SSudan
20%
75.94TTrinidad and Tobago
20%
76.13BBahamas
19%
75.92BBrazil
19%
67.42BBurundi
19%
67.60GGambia
19%
69.67PPakistan
19%
74.64PPalau
19%
69.43PPapua New Guinea
19%
76.65SSaudi Arabia
19%
74.15AAzerbaijan
18%
74.28BBelarus
18%
74.89CColombia
18%
74.45EEgypt
18%
69.70GGabon
18%
69.37GGhana
18%
68.94PPeru
18%
72.91GGuatemala
17%
76.13MMalaysia
17%
72.40NNepal
17%
74.78NNicaragua
17%
70.14PPhilippines
17%
78.00SSri Lanka
17%
67.20CComoros
16%
69.92EEast Timor
16%
68.15LLaos
16%
74.86MMauritius
16%
67.93NNauru
16%
69.36TTajikistan
16%
71.83TTurkmenistan
16%
75.82BBelize
15%
71.77NNorth Korea
15%
72.31BBhutan
14%
72.50BBolivia
14%
68.17MMadagascar
14%
76.94MMaldives
14%
72.44MMoldova
14%
75.19SSamoa
14%
76.10SSeychelles
14%
76.70SSolomon Islands
14%
65.32SSouth Africa
14%
70.19TTanzania
14%
68.38TTuvalu
14%
74.70BBangladesh
13%
71.87GGuyana
13%
74.65MMarshall Islands
13%
74.17SSerbia
13%
72.42SSuriname
13%
71.36TTogo
13%
70.65CCambodia
12%
73.75CCape Verde
12%
71.37MMongolia
12%
73.68MMorocco
12%
69.92MMyanmar
12%
74.28SSyria
12%
72.32MMexico
11%
69.96SSenegal
11%
72.44MMalawi
10%
67.06SSão Tomé and Príncipe
10%

Score Distribution

Percentile by Number Answered

Percent of People with Each Score

Your Score History

You have not taken this quiz